00815 2200301 4500001002100000005001500021035002000036007000300056008004100059040001700100100001700117245007600134250001000210300004000220504003000260020002200290041000800312082001100320084001700331090002200348260003400370500002800404650001100432700002800443850001000471990001600481990001600497INLIS00000000000351320260530123900 a0010-0621000045ta260530 0  aSBPUPADbInd0 aImam Rasjidi1 aPerawatan Paliatif Suportif dan Bebas Nyeri pada Kanker /cImam Rasjidi aCet.1 axviii, 329 hlm. :billus. ;c23 cm. abibiliografi, hlm 306-312 a978-602-8674-27-007aInd a616.99 a616.99 IMA p a616.99 IMA p 18-3 aJakarta :bSagung Seto,c2010 aprofil penulis, hlm 329 4aKanker0 aeditor, Andrea Hartanto aPUPAD a1324/B/2014 a1325/B/2014